| Tag |
First Indicator |
Second Indicator |
Subfields |
| LEADER |
00000cam a2200000 4500 |
| 001 |
in00000042437 |
| 005 |
20151007072721.0 |
| 008 |
740220s1951 enka 00110 eng |
| 010 |
|
|
|a 74152011
|
| 035 |
|
|
|a (OCoLC)00835553
|
| 035 |
|
|
|9 AAE8426AM
|
| 040 |
|
|
|a DLC
|c DLC
|d TXA
|d UtOrBLW
|
| 049 |
|
|
|a TXAM
|c [203790]
|
| 050 |
|
0 |
|a QL737.C23
|b P6
|
| 092 |
|
|
|a 599.74428
|b B862c
|
| 110 |
2 |
|
|a British Museum (Natural History)
|
| 245 |
1 |
0 |
|a Catalogue of the genus Felis /
|c by R. I. Pocock.
|
| 264 |
|
3 |
|a London :
|b Printed by order of the Trustees of the British Museum,
|c 1951.
|
| 300 |
|
|
|a 190 pages :
|b illustrations
|
| 336 |
|
|
|a text
|b txt
|2 rdacontent
|
| 337 |
|
|
|a unmediated
|b n
|2 rdamedia
|
| 338 |
|
|
|a volume
|b nc
|2 rdacarrier
|
| 650 |
|
0 |
|a Cats
|x Catalogs and collections.
|
| 700 |
1 |
|
|a Pocock, Reginald Innes,
|d -1947.
|
| 944 |
|
|
|a stk
|h REPL<62394>REP-SAME<>REF<rmcgeach>
|m Replacement on order
|
| 999 |
|
|
|a MARS
|
| 999 |
f |
f |
|s 970086d4-8760-3d91-88bd-197e4476f989
|i 848001a7-c243-3bbf-8e70-a1d02dc701d6
|t 0
|
| 952 |
f |
f |
|p ric
|a Texas A&M University
|b Rellis Campus
|c Joint Library Facility
|d Remote Storage
|t 0
|e QL737.C23 P6
|h Library of Congress classification
|i unmediated -- volume
|m A14836891729
|
| 998 |
f |
f |
|a QL737.C23 P6
|t 0
|l Remote Storage
|